| 000 | 00764cab a2200205 4500 | ||
|---|---|---|---|
| 001 | ABS40825 | ||
| 008 | 090401t1989 xxu||||| |||| 00| 0 eng d | ||
| 035 | _a(Sirsi) u26190 | ||
| 041 | _aeng | ||
| 100 | _aPym, A. | ||
| 245 | _aOption schemes for land development | ||
| 260 | _c1989 | ||
| 350 | _a0 | ||
| 490 |
_aFarm Management _v7(1) Spring 1989, 1-7(4) |
||
| 520 | _aDiscusses the development opportunities which exist for both owners and developers of farmland with reference to three schemes in East Anglia. Examines the planning process, planning applications and option agreements, highlighting both advantages and pitfalls of the scheme. | ||
| 650 | _aDIVERSIFICATION | ||
| 690 | _aPLANNING LAW AND PRACTICE | ||
| 942 | _n0 | ||
| 948 | _c04/03/1997 | ||
| 999 |
_c17582 _d17582 |
||